|
|
|
|
| LEADER |
01595cas#a2200409#a#4500 |
| 001 |
018337 |
| 003 |
AR-BeUNQ |
| 005 |
20240520112350.0 |
| 008 |
061031c2001####ag#fr#p#######0####|mul#d |
| 999 |
|
|
|c 27481
|d 110287
|
| 022 |
|
|
|a 1666-0390
|
| 030 |
|
|
|a BAG
|
| 040 |
|
|
|a AR-beUNQ
|e aacr
|
| 099 |
|
|
|a P-AR-BAG1
|
| 210 |
1 |
0 |
|a BAG, J. basic appl. genet.
|
| 245 |
1 |
0 |
|a BAG :
|c Sociedad Argentina de Genética.
|
| 246 |
3 |
0 |
|a Journal of basic and applied geneticsBasic and Applied Genetics
|
| 246 |
3 |
3 |
|a Journal of basic and applied geneticsBasic and Applied Genetics
|
| 260 |
|
|
|a Buenos Aires :
|b Sociedad Argentina de Genética,
|
| 300 |
|
|
|a v :
|
| 310 |
|
|
|a Semestral
|
| 362 |
0 |
|
|a Vol. 14, no. 1 (Jul. 2001)-
|
| 500 |
|
|
|a Descripción basada en: Vol. 14, no. 1 (Jul. 2001).
|
| 546 |
|
|
|a Textos en español e inglés.
|
| 650 |
|
7 |
|a Biología
|2 Spines
|
| 650 |
|
7 |
|a Citogenética
|2 Spines
|
| 650 |
|
7 |
|a Genes
|2 Spines
|
| 650 |
|
7 |
|a Genética
|2 Spines
|
| 710 |
2 |
|
|a Sociedad Argentina de Genética.
|
| 780 |
0 |
0 |
|t Mendeliana
|
| 856 |
|
|
|u http://www.scielo.org.ar/scielo.php?script=sci_serial&pid=1852-6233&lng=es
|z Acceso a través de Becyt
|
| 866 |
|
0 |
|a 2001 14(1-2 Supplement)
|
| 929 |
|
|
|d 0
|b Laboratorio de Oncología Molécular
|a DONACION
|j 39539 00002
|e 20050526
|i 20240520
|
| 929 |
|
|
|d 0
|b Laboratorio de Oncología Molécular
|a DONACION
|j 39539 00001
|e 20050526
|i 20240520
|
| 929 |
|
|
|d 0
|b Laboratorio de Oncología Molécular
|a DONACION
|j 39539 00003
|e 20050520
|i 20240520
|
| 929 |
|
|
|d 0
|b Laboratorio de Oncología Molécular
|a DONACION
|j 39539 00004
|e 20050520
|i 20240520
|
| 942 |
|
|
|c REV
|